Physiological quality of rubber tree seed treated with benomyl during storage (Record no. 65006)

MARC details
000 -LEADER
fixed length control field 01660nam a2200181Ia 4500
100 ## - MAIN ENTRY--AUTHOR NAME
Personal name Vieira R D
245 #0 - TITLE STATEMENT
Title Physiological quality of rubber tree seed treated with benomyl during storage
260 ## - PUBLICATION, DISTRIBUTION, ETC. (IMPRINT)
Name of publisher Scientia Agricola
Year of publication 1995
300 ## - PHYSICAL DESCRIPTION
Number of Pages 151-157
520 ## - SUMMARY, ETC.
Summary, etc After rubber tree (Hevea brasiliensis Muell. Ag.) seeds reach the physiological maturity, there is a relatively dry and cold period in the State of Sao paulo, which led to the present work, in order to evaluate environmental conditions that maintain physiological seed quality. The physiological quality of rubber tree seeds, treated with benomyl (0.1;) and stored in plastic bags, was studied up to 5 months, during 87/88. The seed bags were kept under laboratory conditions during the whole storage period. To evaluate physiological seed quality, germination and vigor (germination speed and seedling length) tests were performed. Germination and germination speed were measured at 30 C, as well as under environmental conditions. There was no treatment effect on the maintenance of seed quality during storage. The germination, germination speed and seedling length were reduced as the storage period increased. The germination values were low since the bigining, which could be attributed to the low moisture content (25,4;) of the seeds. The germination test for rubber tree seeds can be performed using sand as substrate at 30 C and the final count made at the 20th day after planting.
650 ## - SUBJECT ADDED ENTRY--TOPICAL TERM
Topical Term Germination
650 ## - SUBJECT ADDED ENTRY--TOPICAL TERM
Topical Term Seed quality
650 ## - SUBJECT ADDED ENTRY--TOPICAL TERM
Topical Term Vigor
700 ## - ADDED ENTRY--PERSONAL NAME
Personal name Bergamaschi M C M
700 ## - ADDED ENTRY--PERSONAL NAME
Personal name Minohara L
942 ## - ADDED ENTRY ELEMENTS (KOHA)
Koha item type Journals
Holdings
Withdrawn status Lost status Damaged status Not for loan Home library Current library Shelving location Date acquired Serial Enumeration / chronology Koha item type
      Journals RRII Library RRII Library Rubber general 17/12/2021 Volume 52, Issue 1 Journals